000 00428nam a2200193Ia 4500
005 20251020182547.0
008 200515s9999 xx 000 0 und d
082 _a747:739/C74
100 _aCONRAN, Terence
245 0 _a...cómodo en casa
260 _aBarcelona
260 _c1999
300 _a192
650 _aDECORACION
650 _aDISEÑO DE INTERIORES
650 _aLIB
650 _aVIVIENDAS
942 _cLIB
999 _c2581
_d2581